Normal view
MARC view
- تربية-فلسفة و نظريات
Entry Topical Term
001 - CONTROL NUMBER
- control field: 22219
003 - CONTROL NUMBER IDENTIFIER
- control field: JO-AjAnu
005 - DATE AND TIME OF LATEST TRANSACTION
- control field: 20230606073834.0
008 - FIXED-LENGTH DATA ELEMENTS
- fixed length control field: 230606|| aca||aabn | a|a d
040 ## - CATALOGING SOURCE
- Original cataloging agency: JO-AjAnu
- Transcribing agency: JO-AjAnu
150 ## - HEADING--TOPICAL TERM
- Topical term or geographic name entry element: تربية-فلسفة و نظريات
670 ## - SOURCE DATA FOUND
- Source citation: Work cat.: (JO-AjAnu)11418: خضر،فخري رشيد, author 22218, تطور الفكر التربوي